Magnetické veselé tvary

Bibliographic Details
Other Authors: Parry-Jones, Jemima (Illustrator), Murcinová, Juliana (Translator)
Format: Photo
Language:Slovak
English
Published: Bratislava Pro Solutions 2007
Edition:1. vyd.
Subjects:

MARC

LEADER 00000nkm a2200000 a 4500
001 vtls009174741
003 SK-MaSNL
005 20260331204648.0
007 kj cc
008 230706s2007 xo b knslo
015 |a SNBG2009/01-00266 
020 |a 9788089307005  |q (viaz.) 
035 |a urn:nbn:sk:snk-km00c9a1 
035 |a urn:nbn:sk:snk-km3lpnh 
035 |a 076C0D62-E979-497D-A067-0DAF3590E487 
040 |a SNK  |b slo  |c SNK  |e AACR2 
041 1 |a slo  |h eng 
044 |a xo  |c SK 
072 7 |a 821-93  |x Literatúra pre deti a mládež  |2 konspekt 
080 |a 821-93  |2 2001 
080 |a 159.955  |2 2001 
080 |a 159.952  |2 2001 
080 |a 821-193  |2 2001 
080 |a (0:82-193)  |2 2001 
080 |a (0.025.2)  |2 2001 
100 1 |a Parry-Jones, Jemima  |4 ill  |9 347586 
245 1 0 |a Magnetické veselé tvary  |h grafika  |c ilustrácie: Jo Parry ; [preklad] Juliana Murcinová 
250 |a 1. vyd. 
260 |a Bratislava  |b Pro Solutions  |c 2007 
300 |a [10] s.  |b fareb. ilustr.  |c 26 cm 
500 |a Kartónové listy 
500 |a K publikácii sú pripevnené magnetky 
521 |a Vhodné pre deti od 3 rokov 
650 0 7 |a rozvoj myslenia  |2 SNKPH  |9 3967 
650 0 7 |a rozvoj pozornosti  |2 SNKPH  |9 100356 
655 7 |a riekanky  |2 SNKPH  |9 70648 
655 7 |a leporelá  |2 SNKPH  |9 60414 
655 7 |a publikácie pre deti  |2 SNKPH  |9 70148 
700 1 |a Murcinová, Juliana  |4 trl  |9 347587 
852 |a Slovenská národná knižnica 
919 |a 978-80-89307-00-5 
958 |a GBN 
958 |a OP 
958 |a DB 
958 |a OND 
999 |c 741921  |d 743851 
952 |a SNK  |b SNK  |y PREZ  |7 0  |p 17A0576137  |o snkSB 74331  |i snk2008/1248  |8 0  |0 0  |1 0  |4 0  |d 2008-01-17  |f 1  |l 0  |r 2025-04-24 00:00:00  |w 2026-02-23 
952 |a SNK  |b SNK  |y PREZ  |7 0  |p 17A0576129  |o snkSB 74331 D1  |i snk2008/1249  |8 0  |0 0  |1 0  |4 0  |d 2008-01-17  |l 0  |r 2016-06-30 00:00:00  |w 2026-02-23